| 000 | 01069nam a2200265 i 4500 | ||
|---|---|---|---|
| 001 | bg | ||
| 003 | BPK | ||
| 005 | 20210406114556.0 | ||
| 008 | 000114s1980 pl a f f |000 0 pol | ||
| 015 | _aPB 1981/738 | ||
| 040 |
_aWA N _cBPK |
||
| 041 | 0 | _apol | |
| 080 | _a532 | ||
| 080 | _a(075.8) | ||
| 100 | 1 |
_aRumianowski, Adam _eAutor |
|
| 245 | 1 | 0 |
_aMechanika płynów : _bskrypt przeznaczony jest dla studentów Instytutu Okrętowego na wieczorowych studiach inżynierskich dla pracujących oraz studiach dziennych magisterskich o specjalności SMOiUO [Siłownie i maszyny okrętowe i Urządzenia okrętowe] / _cAdam Rumianowski ; Politechnika Gdańska. |
| 260 |
_aGdańsk : _bWydaw. PG, _c1980. |
||
| 300 |
_a162, [1] s. : _bil., wykr. ; _c24 cm. |
||
| 504 | _aBibliogr. s. [163]. | ||
| 655 | 4 | _aPodręczniki akademickie | |
| 650 | 4 | _aMechanika płynów | |
| 710 | 2 |
_aPolitechnika Gdańska. _bWydawnictwo. _4pbl. |
|
| 856 |
_uhttp://koha.tu.koszalin.pl/cgi-bin/koha/opac-detail.pl?biblionumber=19612 _yKatalog online BPK |
||
| 942 |
_2UKD _cKS |
||
| 999 |
_c19612 _d19612 |
||